Der Begriff der Gesellschaft und die soziale Geschichte der Französischen Revolution bis zum Jahre 1830.
Saved in:
| Hovedforfatter: | |
|---|---|
| Format: | Bog |
| Sprog: | tysk |
| Udgivet: |
Darmstadt, Alemania
Wissenschaftliche Buchgesellschaft
1959
|
| Fag: | |
| Tags: |
Tilføj Tag
Ingen Tags, Vær først til at tagge denne postø!
|
MARC
| LEADER | 00000cam a2200000 a 4500 | ||
|---|---|---|---|
| 001 | UCD3726 | ||
| 003 | CL-VaPUC | ||
| 005 | 20210521001509.0 | ||
| 008 | 160616e19590000gw |||||||||||||||||ger|d | ||
| 999 | |c 364753 |d 364751 | ||
| 040 | |c Pontificia Universidad Católica de Valparaíso | ||
| 082 | 0 | 4 | |a 944.04 STE 1959 |2 21 |
| 100 | 0 | |a Stein, Lorenz von |9 587290 | |
| 245 | 1 | 4 | |a Der Begriff der Gesellschaft und die soziale Geschichte der Französischen Revolution bis zum Jahre 1830. |
| 260 | 0 | 3 | |a Darmstadt, Alemania |b Wissenschaftliche Buchgesellschaft |c 1959 |
| 300 | |a 507 páginas. | ||
| 583 | |a last modification |c 20160616 22:39:00 |k Rodrigo Vera | ||
| 650 | 0 | |a Revolución francesa |9 324244 | |
| 650 | 7 | |a HISTORIA DE EUROPA SIGLO 18 |2 CL-VaPUC |9 317250 | |
| 650 | 0 | |a Absolutismo |9 257456 | |
| 942 | |c BK |2 ddc | ||
| 945 | |d 20160616 22:39:00 |a dcastane | ||
| 952 | |0 0 |1 0 |2 ddc |3 erd |4 0 |6 944_040000000000000_STE_1959 |7 0 |8 A |9 478329 |a FDOHBE |b FDOHBE |e Huesbe Llanos, Marco Antonio, 1934- |i 5307597 |o 944.04 STE 1959 |p 5307597 |r 2024-01-30 |t 1 |w 2019-11-24 |y BK |z Catalogado en:20160616 |k HBE | ||